000 00650nam a2200253Ia 4500
003 OSt
005 20221005084300.0
006 a|||||r|||| 00| 0
007 ta
008 221004b |||||||| |||| 00| 0 eng d
020 _a0691115478
024 _a77855
037 _cTextual
040 _aCRL
_cCRL
_beng
041 _2eng
_aeng
082 _aW6, P3
100 _aShaprio Ian
_9613181
245 0 _aState of democratic theory
260 _aNew Jersey
_bPrinceton University Press USA
_c2003
300 _a183p.
_ccm.
650 _aPOLITICAL SCIENCE
942 _hW6, P3
_cTEXL
_2cc
999 _c992303
_d992303